| 000 | 00640nam a2200217 a 4500 | ||
|---|---|---|---|
| 005 | 20220907135833.0 | ||
| 008 | 991125s1972 mx 000 0 spa u | ||
| 020 | _a9682317401 | ||
| 035 | _aUPN01000042572 | ||
| 049 | _aCG | ||
| 050 | 4 |
_aPQ7161 _bO4.6 |
|
| 245 | 0 | 0 |
_aOmnibus de poesía mexicana / _cpresentación, comp. y notas de Gabriel Zaid. |
| 250 | _a2a ed. | ||
| 260 |
_aMéxico : _bSiglo XXI, _c1972. |
||
| 300 | _a693 p. | ||
| 440 | 0 | _aCración literaria | |
| 650 | 2 |
_aPoesía mexicana _vColecciones _91274 |
|
| 650 | 4 |
_aPOESIA MEXICANA - _xHISTORIA Y CRITICA _91278 |
|
| 700 | 1 |
_aZaid, Gabriel _ecomp. _929514 |
|
| 905 | _aLibro | ||
| 999 |
_c42572 _d42572 |
||